000
00298nam a22001337a 4500
020
_a
817826164-2
082
_a
823
_b
BRO/W
100
_a
EMILY BRONTE
245
_a
WUTHERING HEIGHTS
260
_a
DELHI
_b
ROHAN BOOK COMPANY
_c
30
300
_a
222
650
_a
MODERN ILLUSTRATED CLASSICS
942
_c
BK
999
_c
274
_d
274